000 00297nam a2200145Ia 4500
100 _aAckerman & Ackerman
650 _aGeneral
942 _cBK
654 _aMoney
245 _aMoney
260 _bA Playboy Press Book
_aChicago
_c1976
082 _a650.1
300 _a207
546 _aENGLISH
999 _c30531
_d30531